01158nam a2200265Ia 450000500170000000800410001702000150005808200200007310000280009324501170012125000190023830000420025765000420029965000500034165000220039194200130041326400550042633600270048133700330050833800280054104000350056999900150060495201350061995201380075420220317000651.0160601s1999 ck a g 000 0 spa  a958951981904aR 709.861bS27a1 aSerrano, Eduardod1939-10aArte colombiano contemporáneo [catálogo] bcertamenes y exposiciones colectivas, 1971-1998 cEduardo Serrano a1a. edición  a142 páginasbilustraciones c22 cm 142LEMBaArte colombiano vExposiciones 142LEMBaArte colombiano xHistoria y crítica 142LEMBaModernismo  2ddccREF aBogotá bAlcaldía Mayor de Bogotá D.C.c1999 atextobtxt2rdacontent asin mediaciónbn2rdamedia avolumenbnc2rdacarrier aCO-BoRNBPbspaerdacCO-BoRNBP c4717d4717 00102ddc40708006aMESMARTIbMESMARTIcREFd2023-07-27l0oR 709.861 S27apSM002229r2023-07-27 19:58:19tEj.1w2023-07-27yBK 00102ddc40708006aMEMAPIRIbMEMAPIRIcREFd2024-01-11l0oR 709.861 S27apMAP00001274r2024-01-11 21:04:46tEj.1w2024-01-11yREF